Wszyscy odtwórcy roli Jamesa Bonda - Statystyki

Ogólne statystyki
  • Ten quiz został rozwiązany 194 razy
  • Średni wynik to 5 z 6
Statystyki odpowiedzi
Aktor: % Poprawnych
Daniel Craig
95%
Sean Connery
93%
Pierce Brosnan
83%
Roger Moore
81%
Timothy Dalton
70%
George Lazenby
50%
Nie znaleziono quizów pasujących do podanych kryteriów
Rozkład punktacji
Procent ludzi z każdym wynikiem
Percentyl według liczby udzielonych odpowiedzi
Twoja historia wyników
Nie rozwiązałeś tego quizu